000 00836nam a22002177a 4500
999 _c15875
_d15875
003 AR-CdUCM
008 190430b ||||| |||| 00| 0 spa d
040 _aMUNICIPALIDAD PROVINCIAL DEL CUSCO
_cBIBLIOTECA MUNICIPAL DEL CUSCO
082 _a869.56 /
_bSA26
100 _aSaravia T., Alfredo
_935071
245 _aPerú Milenio 3 :
_bRegiones antes y despúes ¿que? /
260 _aLima :
_bTalleres graficos Rey,
_c1990.
300 _a94 paginas ;
_bIlustraciones, graficos, dibujos,
_c21 cm.
500 _aLiteratura peruana
505 _aContenido: Situaciones y conclusiones actualizadas -- tratamiento y correccion -- regiones antes y despues -- ecologia ciencia -- administración publica...
650 _aLiteratura
_983
650 _aPerú
_935
650 _aSiglo XX
_98
942 _2ddc
_cLIBROS
945 _apjha
_d2019-04-30